Kreis Mettmann | Städte - Statistiken

Allgemein
  • Dieses Quiz wurde 129 mal gespielt
  • Das Durchschnittsergebnis liegt bei 8 aus 10
Antworten auf der Karte
Die Antworten werden auf der Karte rot bzw. grün angezeigt, abhängig davon wie oft sie richtig erraten wurden.
 
Antwortstatistiken
489.794 Kreis Mettmann % Korrekt
87.388 Ratingen
92%
82.445 Velbert
92%
39.134 Mettmann
87%
55.815 Hilden
79%
43.856 Erkrath
72%
59.783 Langenfeld (Rheinland)
72%
30.542 Haan
70%
43.050 Monheim am Rhein
68%
21.100 Wülfrath
62%
26.681 Heiligenhaus
60%
Keine übereinstimmenden Quizze gefunden
Verteilung der Resultate
Anzahl Personen mit jedem Resultat
Perzentil nach korrekt beantworteten Fragen
Ihre Resultats-Entwicklung
Sie haben dieses Quiz noch nicht gespielt